| 000 | 00548nam a2200181Ia 4500 | ||
|---|---|---|---|
| 008 | 151202s9999||||xx |||||||||||||| ||und|| | ||
| 082 | _bPNVM-60863 | ||
| 100 | _aवर्टीकर अर्चना. | ||
| 245 | _aभूकंप. | ||
| 260 | _b"चैतन्य प्रकाशन,पुणे." | ||
| 260 | _c60863 | ||
| 300 | _a134 | ||
| 600 | _aवर्टीकर अर्चना. | ||
| 630 | _aभूकंप. | ||
| 700 | _aवर्टीकर अर्चना. | ||
| 730 | _aभूकंप. | ||
| 942 | _cBOOK | ||
| 999 |
_c1327397 _d1327394 |
||